Boswell in search of a wife, 1766-1769 / (Record no. 62975)
[ view plain ]
| 000 -LEADER | |
|---|---|
| fixed length control field | 00936nam a2200265 a 4500 |
| 001 - CONTROL NUMBER | |
| control field | 62975 |
| 003 - CONTROL NUMBER IDENTIFIER | |
| rucl marc code | BD-RjUL |
| 005 - DATE AND TIME OF LATEST TRANSACTION | |
| control field | 20211209081140.0 |
| 008 - FIXED-LENGTH DATA ELEMENTS--GENERAL INFORMATION | |
| fixed length control field | 170126s1957 enkbch 001 0 eng |
| 035 ## - SYSTEM CONTROL NUMBER | |
| System control number | (BD-RjUL)63103 |
| 040 ## - CATALOGING SOURCE | |
| Original cataloging agency | DLC |
| Transcribing agency | DLC |
| Modifying agency | BD-RjUL |
| Language of cataloging | eng |
| 041 ## - LANGUAGE CODE | |
| Language code of text/sound track or separate title | eng |
| 082 ## - DEWEY DECIMAL CLASSIFICATION NUMBER | |
| Edition number | 23 |
| Classification number | 928.2 |
| Author mark and year | BOS 1957 |
| 100 1# - MAIN ENTRY--PERSONAL NAME | |
| Personal name | Boswell, James, |
| Dates associated with a name | 1740-1795. |
| 9 (RLIN) | 186147 |
| 245 10 - TITLE STATEMENT | |
| Title | Boswell in search of a wife, 1766-1769 / |
| Statement of responsibility, etc. | Edited by Frank Brady and Frederick A. Pottle. |
| 260 ## - PUBLICATION, DISTRIBUTION, ETC. (IMPRINT) | |
| Place of publication, distribution, etc. | London : |
| Name of publisher, distributor, etc. | W. Heinemann, |
| Date of publication, distribution, etc. | 1957 |
| 300 ## - PHYSICAL DESCRIPTION | |
| Pagination | xxix, 425 p. : |
| Illustrations | ill, ; |
| Size | 24 cm. |
| 490 1# - SERIES STATEMENT | |
| Series statement | The Yale editions of the private papers of James Boswell |
| 500 ## - GENERAL NOTE | |
| General note | Include index |
| 650 ## - SUBJECT ADDED ENTRY--TOPICAL TERM | |
| Topical term or geographic name as entry element | Boswell, James, -- 1740-1795. |
| 9 (RLIN) | 187290 |
| 700 1# - ADDED ENTRY--PERSONAL NAME | |
| Personal name | Brady, Frank, |
| Relator term | ed. |
| Personal name | Pottle, Frederick A. |
| Fuller form of name | (Frederick Albert), |
| Dates associated with a name | 1897-1987, |
| Relator term | ed. |
| 830 #0 - SERIES ADDED ENTRY--UNIFORM TITLE | |
| Uniform title | Yale editions of the private papers of James Boswell |
| 942 ## - ADDED ENTRY ELEMENTS (KOHA) | |
| Source of classification or shelving scheme | Dewey Decimal Classification |
| Koha item type | Books |
| Lost status | Source of classification or shelving scheme | Damaged status | Not for loan | Collection code | Permanent Location | Current Location | Shelving location | Date acquired | Source of acquisition | Cost, normal purchase price | Total Checkouts | Full call number | Date last seen | Copy number | Koha item type |
|---|---|---|---|---|---|---|---|---|---|---|---|---|---|---|---|
| Dewey Decimal Classification | Not For Loan | Non-fiction | Central Library, University of Rajshahi | Central Library, University of Rajshahi | Reading Room | 19/03/1964 | Zeitlinger | 30.00 | 928.2 BOS 1957 | 26/01/2017 | C-1 | Books |